000 00568nam a22002057a 4500
003 BUBTL
008 221214b ||||| |||| 00| 0 eng d
020 _a9788184000771
082 _a823/ D4511j/ 1995
100 _94972
_aDesai, Anita
245 _aJourney to Ithaca :
_bAnita Desai
250 _a1st Edn.
260 _aIndia
_bRandom House India
_cc1995
300 _a[xii],356p. :
_b20 cm
650 0 _91994
_aEnglish Literature
700 _95045
_aAnita Desai
856 _k0
_l0
_yDownload
942 _2ddc
_cBK
999 _c6875
_d6875